Active MLB Baseball Leaders by Category - Statistics

General Stats
  • This quiz has been taken 65 times
    52 since last reset
  • The average score is 32 of 62
Answer Stats
% Correct
Home Runs (single season) 62 Aaron Judge
95%
Home Runs (single season) 58 Aaron Judge
95%
RBIs (single season) 144 Aaron Judge
95%
RBIs (single season) 131 Aaron Judge
95%
Wins (career) 262 Justin Verlander
92%
Strikeouts (pitching, career) 3,416 Justin Verlander
92%
Home Runs (career) 378 Mike Trout
85%
Batting Average (career) .299 Mike Trout
85%
Home Runs (career) 429 Giancarlo Stanton
82%
Home Runs (single season) 59 Giancarlo Stanton
82%
RBIs (single season) 132 Giancarlo Stanton
82%
Hits (single season) 214 Mookie Betts
77%
Home Runs (career) 343 Freddie Freeman
74%
Batting Average (career) .300 Freddie Freeman
74%
Hits (career) 2,267 Freddie Freeman
74%
Hits (single season) 211 Freddie Freeman
74%
Home Runs (single season) 54 Shohei Ohtani
74%
Batting Average (career) .323 Luis Arraez
69%
Home Runs (career) 362 Paul Goldschmidt
67%
Hits (career) 2,056 Paul Goldschmidt
67%
RBIs (single season) 133 Nolan Arenado
64%
ERA (career) 3.18 Gerrit Cole
59%
Wins (career) 153 Gerrit Cole
59%
Strikeouts (pitching, career) 2,251 Gerrit Cole
59%
Hits (single season) 217 Ronald Acuña Jr.
56%
ERA (single season) 1.08 Jacob deGrom
54%
ERA (single season) 1.70 Jacob deGrom
54%
ERA (career) 2.52 Jacob deGrom
54%
Batting Average (career) .306 Jose Altuve
54%
Hits (career) 2,232 Jose Altuve
54%
Hits (single season) 225 Jose Altuve
54%
Hits (single season) 216 Jose Altuve
54%
Stolen Bases (career) 315 Jose Altuve
54%
Home Runs (career) 342 Manny Machado
51%
Hits (career) 1,900 Manny Machado
51%
ERA (career) 2.63 Aroldis Chapman
46%
Saves (career) 335 Aroldis Chapman
46%
ERA (career) 3.04 Chris Sale
44%
Wins (career) 138 Chris Sale
44%
Strikeouts (pitching, career) 2,414 Chris Sale
44%
Home Runs (single season) 54 Matt Olson
41%
RBIs (single season) 139 Matt Olson
41%
Hits (career) 2,152 Andrew McCutchen
36%
Stolen Bases (career) 219 Andrew McCutchen
36%
Stolen Bases (career) 243 José Ramírez
33%
Saves (career) 158 Emmanuel Clase
31%
Saves (career) 198 Josh Hader
28%
ERA (single season) 1.63 Shane Bieber
28%
Hits (single season) 211 Bobby Witt Jr.
26%
Wins (career) 138 Charlie Morton
26%
Strikeouts (pitching, career) 2,047 Charlie Morton
26%
Saves (career) 225 Edwin Díaz
23%
Stolen Bases (career) 279 Trea Turner
23%
Wins (career) 110 Yu Darvish
21%
Strikeouts (pitching, career) 2,007 Yu Darvish
21%
ERA (career) 3.07 Max Fried
18%
Stolen Bases (career) 354 Starling Marte
18%
Saves (career) 224 Raisel Iglesias
15%
Batting Average (career) .298 Yordan Alvarez
15%
ERA (single season) 1.36 Ranger Suárez
13%
Wins (career) 110 Sonny Gray
13%
ERA (single season) 1.80 Liam Hendriks
5%
No matching quizzes found
Score Distribution
Percent of People with Each Score
Percentile by Number Answered
Your Score History
You have not taken this quiz since the last reset